000 00575nam a2200205Ia 4500
005 20250923145639.0
008 008 250917s9999 xx 000 0 eng d
037 _aTextual
040 _aDSWL
_beng
_cDSWL
041 _aeng
_2eng
084 _aY5927:A.2, N74
_qDSWL
100 _aLynch, O.M.
_9837512
245 4 _aThe Politics of Untouchablity
_c by O.M.Lynch
260 _aNew Delhi
_bDelhi National
_c1974
300 _avii,251 p.
365 _aINR
_b40.50
925 _g40.50
942 _cTEXL
_hY5927:A.2, N74
999 _c1453880
_d1453880